Manual on the use of the LP-system in milk handling and preservation Global lactoperoxidase programme
Đã lưu trong:
| 主要作者: | |
|---|---|
| 格式: | 圖書 |
| 語言: | Undetermined |
| 出版: |
Rome
FAO
1999
|
| 主題: | |
| 標簽: |
添加標簽
沒有標簽, 成為第一個標記此記錄!
|
| Thư viện lưu trữ: | Trung tâm Học liệu Trường Đại học Cần Thơ |
|---|
| LEADER | 00547nam a2200193Ia 4500 | ||
|---|---|---|---|
| 001 | CTU_33991 | ||
| 008 | 210402s9999 xx 000 0 und d | ||
| 082 | |a 637.1 | ||
| 082 | |b M294 | ||
| 100 | |a FAO | ||
| 245 | 0 | |a Manual on the use of the LP-system in milk handling and preservation | |
| 245 | 0 | |b Global lactoperoxidase programme | |
| 245 | 0 | |c FAO | |
| 260 | |a Rome | ||
| 260 | |b FAO | ||
| 260 | |c 1999 | ||
| 650 | |a dairy production | ||
| 904 | |i Nguyễn Quang Điền, 991118 | ||
| 980 | |a Trung tâm Học liệu Trường Đại học Cần Thơ | ||